000 00604cam a2200145 4500500
005 20260208002355.0
041 _afre
042 _adc
100 1 0 _aGiafferi-Dombre, Natacha
_eauthor
245 0 0 _aSteve Striffler & Mark Moberg, eds, Banana Wars: Power, Production and History in the Americas, Durham-London, Duke University Press, 2003, viii + 364 p., ill., fig., tabl., cartes
260 _c2006.
500 _a37
786 0 _nL'Homme | 177-178 | 1 | 2006-01-01 | p. 505m-577m | 0439-4216
856 4 1 _uhttps://shs.cairn.info/revue-l-homme-2006-1-page-505m?lang=fr&redirect-ssocas=7080
999 _c1646018
_d1646018